Science Quiz

Random Science or Math Quiz

Missing Pythagorean Triples Quiz Stats

 Plays Quiz Updated Mar 6, 2020

Support Sporcle.
Go Orange.
Score 0/16 Timer 05:00
0 Plays Today
Pythagorean Triples Missing Triple % Correct
3, 4, ?5
99.9%
5, 12, ?13
86.1%
8, 15, ?17
79.1%
7, 24, ?25
74.9%
20, 21, ?29
66%
9, 40, ?41
63.4%
12, 35, ?37
61.9%
11, 60, ?61
59.4%
Pythagorean Triples Missing Triple % Correct
28, 45, ?53
57%
33, 56, ?65
55.2%
16, 63, ?65
54%
13, 84, ?85
53.2%
48, 55, ?73
51.4%
36, 77, ?85
50.1%
39, 80, ?89
49.5%
65, 72, ?97
47.7%

You're not logged in!

Compare scores with friends on all Sporcle quizzes.
OR
Log In

From the Vault

Vocabulary Blitz XIX

by iglew

This is the 20th 'Vocabulary Blitz,' which actually isn't that many when you consider how many words are in the dictionary.
Remove Ads.
Support Sporcle.
Get the best of Sporcle when you Go Orange. This ad-free experience offers more features, more stats, and more fun while also helping to support Sporcle. Thank you for becoming a member.

Show Comments

Extras

Top Quizzes Today


Score Distribution

Your Account Isn't Verified!

In order to create a playlist on Sporcle, you need to verify the email address you used during registration. Go to your Sporcle Settings to finish the process.

Report this User

Report this user for behavior that violates our Community Guidelines.

Details: